[Event "RSA-chT U20"]
[Site "Boksburg"]
[Date "2018.01.05"]
[Round "4.4"]
[White "Roos, Lucas"]
[Black "Conradie, Andre"]
[Result "1-0"]
[WhiteElo "1779"]
[BlackElo "1764"]
[PlyCount "118"]
[EventDate "2018.01.04"]
[EventType "team-tourn"]
[EventRounds "7"]
[EventCountry "RSA"]
[SourceTitle "CBM 182 Extra"]
[Source "ChessBase"]
[SourceDate "2018.02.23"]
[SourceVersion "1"]
[SourceVersionDate "2018.02.23"]
[SourceQuality "1"]
[WhiteTeam "Tshwane U20"]
[BlackTeam "Western Province U20"]
[WhiteTeamCountry "RSA"]
[BlackTeamCountry "RSA"]

1. e4 c6 2. d3 d5 3. Nd2 e5 4. Ngf3 Bd6 5. g3 Nf6 6. Bg2 0-0 7. 0-0 Bg4 8. h3 Bxf3 9. Qxf3 Nbd7 10. b3 dxe4 11. dxe4 Qe7 12. Nc4 Bc5 13. Bb2 Rfe8 14. Rfd1 a5 15. a4 Red8 16. Qf5 Re8 17. Rd3 Qe6 18. Qxe6 Rxe6 19. Rad1 b5 20. axb5 cxb5 21. Na3 Bxa3 22. Bxa3 b4 23. Bb2 Nc5 24. Rd8+ Re8 25. Rxa8 Rxa8 26. Bxe5 Rc8 27. Bc7 a4 28. bxa4 Nxa4 29. e5 h6 30. Ba5 Nc3 31. Rd3 Nfe4 32. Bxb4 Rc4 33. Ba5 Rc5 34. Bb6 Rxe5 35. Re3 Nd5 36. Rxe4 Rxe4 37. Bxe4 Nxb6 38. f4 Kf8 39. Kf2 Ke7 40. Ke3 Kd6 41. Kd4 Nd7 42. Bd5 f6 43. c4 Nc5 44. Bg8 Kc6 45. Ke3 Nb7 46. Kf3 Nd6 47. Kg4 g5 48. Be6 Kc5 49. Kh5 Ne4 50. Kxh6 Nxg3 51. fxg5 fxg5 52. Kxg5 Kd6 53. Bd5 Ke7 54. h4 Kf8 55. Kg6 Ne2 56. h5 Nf4+ 57. Kg5 Nh3+ 58. Kf6 Nf2 59. Be6 Ke8 1-0

[Event "Waterkloof op"]
[Site "Pretoria"]
[Date "2017.03.05"]
[Round "5"]
[White "Reddy, Ananta"]
[Black "Roos, Lucas"]
[Result "1/2-1/2"]
[WhiteElo "1651"]
[BlackElo "1795"]
[PlyCount "85"]
[EventDate "2017.03.02"]
[EventType "swiss"]
[EventRounds "6"]
[EventCountry "RSA"]
[SourceTitle "EXT 2018"]
[Source "ChessBase"]
[SourceDate "2017.10.13"]
[SourceVersion "1"]
[SourceVersionDate "2017.10.13"]
[SourceQuality "1"]

1. e4 e6 2. d4 d5 3. Nd2 Nf6 4. e5 Nfd7 5. Bd3 c5 6. c3 b6 7. Ne2 Ba6 8. Nf3 Bxd3 9. Qxd3 Nc6 10. 0-0 Qc7 11. Bf4 Be7 12. Rac1 a6 13. h3 b5 14. a3 Na5 15. b4 cxb4 16. cxb4 Nc4 17. Nd2 a5 18. Nc3 Qb6 19. Qf3 axb4 20. Nxc4 bxc4 21. axb4 0-0 22. Qg4 f5 23. exf6 Nxf6 24. Qe2 Bxb4 25. Rb1 Qxd4 26. Qxe6+ Kh8 27. Rxb4 Qxc3 28. Rb7 Rae8 29. Qc6 Ne4 30. Qc7 Qf6 31. Bc1 c3 32. f3 Nd6 33. Rb6 Re6 34. Ba3 Rc8 35. Qd7 Qd4+ 36. Kh1 Qxb6 37. Qxe6 Rd8 38. Re1 h6 39. Qxd5 c2 40. Qd3 Qc7 41. Rc1 Nf5 42. Qxc2 Ng3+ 43. Kg1 1/2-1/2

[Event "Wch U18"]
[Site "Khanty-Mansiysk"]
[Date "2016.09.28"]
[Round "6"]
[White "Roos, Lucas"]
[Black "Shih, Yu An"]
[Result "0-1"]
[WhiteElo "1830"]
[BlackElo "1493"]
[PlyCount "80"]
[EventDate "2016.09.22"]
[EventType "swiss"]
[EventRounds "11"]
[EventCountry "RUS"]
[SourceTitle "EXT 2017"]
[Source "ChessBase"]
[SourceDate "2016.10.25"]
[SourceVersion "1"]
[SourceVersionDate "2016.10.25"]
[SourceQuality "1"]

1. e4 e5 2. Nf3 Nc6 3. Bc4 Bc5 4. c3 Nf6 5. d3 d6 6. Bb3 h6 7. Nbd2 0-0 8. h3 Nh5 9. g3 Nf6 10. Nf1 d5 11. Qe2 Re8 12. g4 dxe4 13. dxe4 Nh7 14. Bxf7+ Kxf7 15. Qc4+ Be6 16. Qxc5 Qd3 17. Qe3 Rad8 18. Qxd3 Rxd3 19. Be3 Red8 20. N1d2 Nf6 21. g5 Ng8 22. Ke2 h5 23. g6+ Ke7 24. Ng5 a6 25. Bc5+ Kf6 26. Be3 Rxe3+ 27. fxe3 Kxg5 28. Rhg1+ Kf6 29. Raf1+ Ke7 30. h4 Nf6 31. Rg5 Rxd2+ 32. Kxd2 Nxe4+ 33. Kc2 Nxg5 34. hxg5 h4 35. b3 h3 36. Kd3 Kd6 37. Rd1 Ke7 38. Ke4 Bg4 39. Rf1 Ke6 40. Rf7 h2 0-1

[Event "Wch U18"]
[Site "Khanty-Mansiysk"]
[Date "2016.09.26"]
[Round "5"]
[White "Petrovskis, Olegs"]
[Black "Roos, Lucas"]
[Result "1-0"]
[WhiteElo "2159"]
[BlackElo "1830"]
[PlyCount "83"]
[EventDate "2016.09.22"]
[EventType "swiss"]
[EventRounds "11"]
[EventCountry "RUS"]
[SourceTitle "EXT 2017"]
[Source "ChessBase"]
[SourceDate "2016.10.25"]
[SourceVersion "1"]
[SourceVersionDate "2016.10.25"]
[SourceQuality "1"]

1. d4 Nf6 2. Bg5 e6 3. Nf3 Be7 4. e3 0-0 5. Bd3 b6 6. 0-0 Ba6 7. c4 c5 8. Nc3 Nc6 9. a3 Na5 10. Qe2 d5 11. cxd5 Bxd3 12. Qxd3 c4 13. Qc2 exd5 14. Bxf6 Bxf6 15. Qf5 Nb3 16. Rad1 g6 17. Qxd5 Qc8 18. Nd2 Nxd2 19. Rxd2 Rd8 20. Qf3 Qf5 21. Rc1 Rac8 22. Rdc2 Be7 23. Qxf5 gxf5 24. Ne2 b5 25. g3 Kg7 26. a4 a6 27. axb5 axb5 28. b3 Ba3 29. Rb1 cxb3 30. Rxc8 Rxc8 31. Rxb3 b4 32. Kf1 Rc2 33. Ke1 Kf8 34. Nf4 Bb2 35. Nd3 Bc3+ 36. Kf1 Bd2 37. Nxb4 Rc4 38. Nd3 Ke7 39. Rb7+ Ke6 40. Ne5 Rc1+ 41. Ke2 Ba5 42. Nxf7 1-0

[Event "Africa-ch U18"]
[Site "Port Elizabeth"]
[Date "2016.08.27"]
[Round "8"]
[White "Roos, Lucas"]
[Black "Smith, David2"]
[Result "1/2-1/2"]
[WhiteElo "1861"]
[BlackElo "1644"]
[PlyCount "82"]
[EventDate "2016.08.22"]
[EventType "swiss"]
[EventRounds "9"]
[EventCountry "RSA"]
[SourceTitle "CBM 174 Extra"]
[Source "ChessBase"]
[SourceDate "2016.10.10"]
[SourceVersion "1"]
[SourceVersionDate "2016.10.10"]
[SourceQuality "1"]

1. f4 d5 2. Nf3 Nf6 3. g3 e6 4. Bg2 Bd6 5. 0-0 Nbd7 6. d3 e5 7. e4 dxe4 8. dxe4 0-0 9. Nc3 a6 10. Qe2 Re8 11. f5 b6 12. h3 Bb7 13. g4 h6 14. Nh2 Nh7 15. Be3 Bc5 16. Rad1 Qe7 17. Kh1 Rad8 18. Nd5 Bxd5 19. Rxd5 a5 20. Bxc5 Nxc5 21. Qb5 Nf6 22. Rxd8 Rxd8 23. Qe2 Qd6 24. c3 Qd2 25. Re1 Qxe2 26. Rxe2 Rd1+ 27. Nf1 Nd3 28. Kh2 Nc1 29. Ne3 Nxe2 30. Nxd1 Nf4 31. Nf2 Nxg2 32. Kxg2 Kf8 33. h4 Ke7 34. b4 axb4 35. cxb4 Kd6 36. b5 Ne8 37. g5 hxg5 38. hxg5 f6 39. gxf6 gxf6 40. Kf3 c6 41. bxc6 Kxc6 1/2-1/2

[Event "Africa-ch U18"]
[Site "Port Elizabeth"]
[Date "2016.08.23"]
[Round "2"]
[White "Roos, Lucas"]
[Black "Van Zyl Rudd, Jack"]
[Result "1/2-1/2"]
[WhiteElo "1861"]
[BlackElo "2016"]
[PlyCount "73"]
[EventDate "2016.08.22"]
[EventType "swiss"]
[EventRounds "9"]
[EventCountry "RSA"]
[SourceTitle "CBM 174 Extra"]
[Source "ChessBase"]
[SourceDate "2016.10.10"]
[SourceVersion "1"]
[SourceVersionDate "2016.10.10"]
[SourceQuality "1"]

1. e4 c5 2. Nc3 Nc6 3. Nge2 Nf6 4. d4 cxd4 5. Nxd4 e6 6. Ndb5 d6 7. Bf4 e5 8. Bg5 a6 9. Na3 Be7 10. Bxf6 Bxf6 11. Nc4 Nd4 12. Nd5 b5 13. Ncb6 Rb8 14. c3 Bg4 15. Nxf6+ Qxf6 16. Qxg4 Nc2+ 17. Kd1 Nxa1 18. Qd7+ Kf8 19. Qc7 Rxb6 20. Qxb6 Ke7 21. Bd3 Qe6 22. Qc7+ Kf6 23. Kd2 d5 24. Rxa1 dxe4 25. Bxe4 Rc8 26. Qb7 Qc4 27. Qd5 Qxd5+ 28. Bxd5 Rd8 29. Rd1 Rxd5+ 30. Kc2 Rxd1 31. Kxd1 Ke6 32. Kd2 Kd5 33. f3 f5 34. Kd3 g5 35. g4 f4 36. b4 h6 37. h3 1/2-1/2

[Event "World ol U16"]
[Site "Gyor"]
[Date "2014.12.21"]
[Round "10.2"]
[White "Higgins, Michael"]
[Black "Roos, Lucas"]
[Result "1-0"]
[WhiteElo "1559"]
[BlackElo "1732"]
[PlyCount "159"]
[EventDate "2014.12.13"]
[EventType "team-swiss"]
[EventRounds "10"]
[EventCountry "HUN"]
[SourceTitle "EXT 2016"]
[Source "ChessBase"]
[SourceDate "2015.10.08"]
[SourceVersion "1"]
[SourceVersionDate "2015.10.08"]
[SourceQuality "1"]
[WhiteTeam "Ireland"]
[BlackTeam "South Africa"]
[WhiteTeamCountry "IRL"]
[BlackTeamCountry "RSA"]

1. c4 Nf6 2. g3 g6 3. Bg2 Bg7 4. Nc3 c6 5. d3 0-0 6. e3 d5 7. cxd5 cxd5 8. Nf3 Nc6 9. 0-0 a6 10. Rb1 b5 11. a3 Bb7 12. Qc2 Rc8 13. Qe2 Ne8 14. Bd2 Na5 15. d4 Nd6 16. b3 Qb6 17. Ne1 Ne4 18. Nxe4 dxe4 19. Bb4 Rfe8 20. Qd2 Nc6 21. Bc5 Qa5 22. Qc2 f5 23. f3 Nxd4 24. Qa2 Rxc5 25. b4+ Bd5 26. Qd2 Qxa3 27. bxc5 Ba2 28. Rd1 exf3 29. Nxf3 Bh6 30. Rfe1 Nxf3+ 31. Bxf3 Bg7 32. Bd5+ Bxd5 33. Qxd5+ Kf8 34. c6 Bc3 35. Re2 Ba5 36. Qd7 Rd8 37. Qxd8+ Bxd8 38. Rxd8+ Kf7 39. Rc2 Qxe3+ 40. Kf1 Qf3+ 41. Ke1 Qe3+ 42. Kd1 Qg1+ 43. Kd2 Qf2+ 44. Kc1 Qe1+ 45. Rd1 Qe3+ 46. Rdd2 Qa3+ 47. Kb1 Qb4+ 48. Rb2 Qe4+ 49. Rdc2 Qe1+ 50. Ka2 Qa5+ 51. Kb3 Qa4+ 52. Kc3 e5 53. Kd2 Qd4+ 54. Ke2 Qe4+ 55. Kf2 f4 56. c7 Qd4+ 57. Ke1 Qg1+ 58. Ke2 Qxh2+ 59. Kd3 Qxg3+ 60. Ke4 Qe3+ 61. Kd5 Qd3+ 62. Kc6 Qe4+ 63. Kb6 Qd4+ 64. Kb7 Qd7 65. Rd2 Qf5 66. c8Q Qxc8+ 67. Kxc8 Ke6 68. Kb7 e4 69. Rb4 e3 70. Re2 g5 71. Kxa6 Kf5 72. Kxb5 h5 73. Kc4 f3 74. Rxe3 Kf4 75. Kd3+ Kg3 76. Rb5 g4 77. Rxh5 Kf2 78. Rg5 g3 79. Rxg3 Kxg3 80. Ke4 1-0

[Event "World ol U16"]
[Site "Gyor"]
[Date "2014.12.20"]
[Round "9.2"]
[White "Roos, Lucas"]
[Black "Bjerre, Jonas Buhl"]
[Result "0-1"]
[WhiteElo "1732"]
[BlackElo "2073"]
[PlyCount "48"]
[EventDate "2014.12.13"]
[EventType "team-swiss"]
[EventRounds "10"]
[EventCountry "HUN"]
[SourceTitle "EXT 2016"]
[Source "ChessBase"]
[SourceDate "2015.10.08"]
[SourceVersion "1"]
[SourceVersionDate "2015.10.08"]
[SourceQuality "1"]
[WhiteTeam "South Africa"]
[BlackTeam "Denmark"]
[WhiteTeamCountry "RSA"]
[BlackTeamCountry "DEN"]

1. e4 c5 2. Nc3 Nc6 3. Nge2 e6 4. d4 cxd4 5. Nxd4 Qc7 6. Be3 a6 7. Bd3 b5 8. 0-0 Bb7 9. f4 Nxd4 10. Bxd4 Bc5 11. Bxb5 axb5 12. Kh1 Nf6 13. Nxb5 Qc6 14. Bxc5 Nxe4 15. Qe2 Qxc5 16. c4 0-0 17. a3 Rfc8 18. Rac1 Qb6 19. Rf3 d5 20. b3 dxc4 21. Rxc4 Rxc4 22. bxc4 Rd8 23. Rf1 Rd2 24. c5 Qxc5 0-1

[Event "World ol U16"]
[Site "Gyor"]
[Date "2014.12.14"]
[Round "2.2"]
[White "Czupor, Attila"]
[Black "Roos, Lucas"]
[Result "1-0"]
[WhiteElo "2107"]
[BlackElo "1732"]
[PlyCount "47"]
[EventDate "2014.12.13"]
[EventType "team-swiss"]
[EventRounds "10"]
[EventCountry "HUN"]
[SourceTitle "EXT 2016"]
[Source "ChessBase"]
[SourceDate "2015.10.08"]
[SourceVersion "1"]
[SourceVersionDate "2015.10.08"]
[SourceQuality "1"]
[WhiteTeam "Transdanubium West II"]
[BlackTeam "South Africa"]
[WhiteTeamCountry "HUN"]
[BlackTeamCountry "RSA"]

1. e4 e6 2. d4 d5 3. Nc3 Nf6 4. exd5 exd5 5. Bg5 Bb4 6. Qe2+ Qe7 7. Bxf6 gxf6 8. Qxe7+ Kxe7 9. Nge2 Bf5 10. 0-0-0 c6 11. Ng3 Bg6 12. Re1+ Kd7 13. Re3 Na6 14. Bxa6 bxa6 15. Na4 f5 16. Rf3 Rhe8 17. Nxf5 Re2 18. a3 Bd2+ 19. Kd1 Rae8 20. Ng3 R2e4 21. Nc5+ Kd6 22. Ngxe4+ dxe4 23. Rf6+ Ke7 24. Rxg6 1-0